000 00474nam a2200181Ia 4500
003 GCL
008 140319s9999 xx 000 0 eng d
040 _aGCL /
_cGCL
082 0 4 _a746.92
_bP N
100 1 _aPAGOLGH, SUSANNE
245 1 0 _aNORDIC KNITTING /
_cPAGOLGH, SUSANNE
260 _a[S.N] :
_bA AND C BLACK LIMITED ،
_c1991
300 _a120 P
650 0 4 _aTEXTILE
650 0 4 _aKANTTING, SCANDINAVIAN PATTERN
650 0 4 _aDESIGN, KNITTING
942 _2ddc
_cBK
999 _c20934
_d20934